Cities that hosted the Olympics and World Cup 1930’s Edition - Statistics

General Stats
  • This quiz has been taken 9 times
  • The average score is 4 of 7
Answer Stats
Hint Answer % Correct
WC 1934, 1990 OLY 1960 Rome
100%
WC 1934, 1990 OLY 1960 Naples
71%
WC 1938 OLY 2024 Lille
57%
WC 1938, 1998 OLY 2024 Bordeux
43%
WC 1938, 1998 OLY 2024 Marseille
43%
WC 1938 OLY 1900 Le Harve
29%
WC 1938, 1998 OLY 1900, 1924, 2024 Paris Saint-Denis
29%
No matching quizzes found
Score Distribution
Percent of People with Each Score
Percentile by Number Answered
Your Score History
You have not taken this quiz